Quizzes
Events
Quiz Creation
Community
Videos
Private Events
Remove Ads
Sign In
Join for FREE
Feedback
Dark Mode
Quiz Categories
Sports
Geography
Music
Movies
Television
Just For Fun
Miscellaneous
History
Literature
Language
Science
Gaming
Entertainment
Religion
Holiday
For Kids
Quiz Lab
Recent
Popular Today
Quiz Kudos Today
Editor Picks
Curator Picks
Quizzes by...
Day
Popularity
Type
Ratings
Length
Year
Community
Subscriptions
Recent Discussions
Orange Saloon
Badges
Playlists
Quests
Create
Leaderboards
Showdown
Live 5
Trivia Bingo
Activity
Puzzle Library
Sporcle Events
Private Events
Virtual Trivia
Globe League
Become a Host
Pub Owners
SporcleCon
Opinionation
Our Games
Videos
Blog
Mobile Apps
Partnerships
Remove Ads and Go Orange
Feedback
Sports
Athletes
MLB
NBA
NHL
NFL
Soccer
Sports Teams
WWE
NCAA
Football
Premier League
Basketball
Baseball
Hockey
Golf
Tennis
Cricket
Rugby
Auto Racing
Olympics
World Cup
Sports
Athletes
MLB
NBA
NHL
NFL
Soccer
Sports Teams
WWE
NCAA
Football
Premier League
Basketball
Baseball
Hockey
Golf
Tennis
Cricket
Rugby
Auto Racing
Olympics
World Cup
Random Quiz
Search Sporcle
×
Quiz Lab
Quiz Lab
Sports
Edition
Type in answers that appear in a list
Type in answers that appear in a list
Classic
Best Score? Go Orange.
Led Team in HR, 2000s Edition Stats
Can you name the players who had the most HR on their team atleast once since 2000?
By
rk559
15m
145 Questions
1,217 Plays
1,217 Plays
1,217 Plays
Comments
Comments
Give Quiz Kudos
Give Quiz Kudos
-
- Ratings
hide this ad
More Info
Replay
Link that replays current quiz
Next Quiz
Link to next quiz in quiz playlist
You Got
0%
They Got
Avg Score
54%
Avg Friend Score
Upgrade to see
Score Distribution
Jump to the score distribution portion of the page
Score
0/145
Timer
15:00
0
Plays Today
Seasons
Player
% Correct
10
Albert Pujols
100%
8
Alex Rodriguez
99%
7
Barry Bonds
98.4%
9
Adam Dunn
98.1%
9
Vladimir Guerrero
97.5%
5
Ryan Howard
94.5%
5
Manny Ramirez
94.5%
2
Aramis Ramirez
94.4%
1
Hanley Ramirez
94.4%
7
Carlos Delgado
94.3%
4
Luis Gonzalez
93.9%
5
Adrian Gonzalez
93.8%
1
Carlos Gonzalez
93.8%
5
Lance Berkman
93.8%
4
David Ortiz
92.9%
6
Miguel Cabrera
92.8%
3
Justin Morneau
92.2%
4
Andruw Jones
92%
3
Chipper Jones
92%
2
Garrett Jones
91.9%
2
Jacque Jones
91.9%
1
Adam Jones
91.9%
6
Jim Thome
90.8%
4
Carlos Beltran
90.6%
1
David Wright
90.3%
3
Prince Fielder
88.9%
3
Jeff Bagwell
88.8%
5
Carlos Pena
87.8%
3
Derrek Lee
87.4%
2
Carlos Lee
87.4%
4
Todd Helton
87.3%
5
Jason Giambi
86.8%
5
Paul Konerko
86.8%
5
Mark Teixeira
84.1%
2
Vernon Wells
84.1%
2
Ken Griffey, Jr
81.3%
3
Alfonso Soriano
79.6%
1
Ryan Braun
79.1%
4
Jason Bay
77.6%
2
Josh Hamilton
76.5%
3
Travis Hafner
75.7%
2
Miguel Tejada
74.3%
2
Magglio Ordonez
73.5%
2
Dmitri Young
72.9%
1
Chris Young
72.6%
4
Frank Thomas
72.2%
2
Ryan Zimmerman
72.2%
3
Torii Hunter
72.1%
1
Tino Martinez
71.8%
Seasons
Player
% Correct
1
Victor Martinez
71.8%
3
Matt Holliday
70.8%
1
Adrian Beltre
69.7%
1
Grady Sizemore
69.7%
3
Mike Piazza
69.1%
3
Mark Reynolds
69%
2
Jermaine Dye
68.5%
4
Eric Chavez
67.9%
5
Sammy Sosa
66.7%
1
Bernie Williams
66.4%
1
Jose Bautista
65.6%
2
Gary Sheffield
64.6%
5
Richie Sexson
64.4%
1
Matt Kemp
64.1%
1
Garret Anderson
62.9%
5
Aubrey Huff
62%
5
Troy Glaus
61.4%
1
Nick Markakis
60.2%
2
Jeff Kent
59.7%
2
Andre Ethier
57.9%
1
Aaron Hill
56.7%
1
Rafael Palmeiro
56.1%
2
Shawn Green
55.6%
2
Joey Votto
55.5%
1
Scott Rolen
55.3%
1
Troy Tulowitzki
55.3%
3
Dan Uggla
54.4%
1
Jim Edmonds
53.7%
3
Mike Sweeney
53.2%
1
Melvin Mora
51.3%
1
Michael Cuddyer
50.9%
3
Brian Giles
50.5%
2
Pat Burrell
50.2%
1
Kevin Youkilis
49.5%
1
Bobby Abreu
49.4%
1
Javy Lopez
48.5%
1
Nelson Cruz
47.2%
2
JD Drew
46.8%
2
Greg Vaughn
46.1%
4
Bret Boone
45.1%
3
Jack Cust
44.9%
2
Jose Guillen
44.9%
1
Craig Wilson
44.3%
2
Preston Wilson
44.1%
3
Brian McCann
41%
1
Mike Lowell
39.9%
2
Shin-Soo Choo
38.2%
1
Albert Belle
37.4%
1
Russell Branyan
35.5%
Seasons
Player
% Correct
2
Mike Cameron
35.2%
1
Nomar Garciaparra
34.6%
2
Geoff Jenkins
34.3%
1
Kendry Morales
33.2%
4
Tony Batista
33.1%
1
Adam LaRoche
33.1%
1
Moises Alou
32.6%
1
Pablo Sandoval
32.6%
1
Carlos Quentin
31.8%
1
Brad Hawpe
31.6%
3
Ryan Klesko
29.9%
3
Phil Nevin
29.9%
1
Jeromy Burnitz
29.2%
1
Luke Scott
28.8%
1
Hunter Pence
28.6%
1
Ryan Ludwick
26.3%
1
Morgan Ensberg
26.1%
3
Cliff Floyd
25.2%
1
Bill Hall
25.1%
1
Bengie Molina
24.1%
1
Steve Finley
23.6%
1
Casey Blake
22.4%
1
Dan Murphy
18%
1
Ty Wigginton
17.7%
1
Bobby Higginson
17.6%
1
Nate McLouth
17.3%
1
Jorge Cantu
16.6%
1
Reggie Sanders
16.5%
1
Carl Everett
15.6%
1
John Buck
14.9%
1
Eric Byrnes
14.3%
1
Mike Napoli
13.8%
1
Corey Koskie
12.1%
1
Brad Wilkerson
11.8%
1
Jay Gibbons
11.3%
1
Pedro Feliz
10.6%
1
Mark Teahen
10.3%
1
Kevin Kouzmanoff
9.8%
1
Franklin Gutierrez
8.8%
1
Miguel Olivo
8.2%
1
Craig Monroe
7.6%
1
Lastings Milledge
7.5%
1
Yuniesky Betancourt
6.9%
1
Randall Simon
3.9%
1
Jody Gerut
3.4%
1
Robert Fick
3.3%
1
Chris Richard
2%
Quiz Playlist
Details
Report
Send in Message
Add To Playlist
More Info:
145 different players led their teams in home runs in the 11 seasons from 2000 to 2010, including players who tied for the lead. Name them.
Classic:
Type in answers that appear in a list
Last Updated: Nov 9, 2018
Quiz Scoreboard
CHALLENGE
Sign Up to Join the Scoreboard
Show All
Scores
Hide
Comments
May contain spoilers
Recently Published
9x9 Crossword: Cartoon Network
by jackfrog10
Miscellaneous
3m
College Basketball Coaching Resumes
by pancakes188
Sports
9m
Billboard Blitz: Fleetwood Mac
by CooCooCachoo
Music
15s
More to Explore
Quiz From the Vault
Featured Blog Post
Where Did the Easter Bunny Come From?
hide this ad
You Might Also Like...
Tags
2000
At Least
Edition
Player
recent
season
team
Today's Top Quizzes in Sports
Browse Sports
hide this ad
Today's Top Quizzes in Edition
Browse Edition
Top Contributed Quizzes in Sports
1
2022 World Cup Stars
2
Les meilleurs buteurs des matchs entre le PSG et l’OM
3
FIFA Club World Cup Champions
4
Les entraîneurs de l'OM et du PSG au 21e siècle
5
Criteria MLB: Left Handed Sluggers
6
AFC Teams Reveal (Wrong Answers Minefield)
7
2023 MLB Unique Player Accomplishments
8
5-to-1: FBS Animal Nicknames
9
Players with Multiple 50 Home Run Seasons
10
5-to-1: UK Sports Teams
Explore More
Trending Topics
Disney
Kpop
NBA
Crossword
Anime
Harry Potter
Marvel
Pokémon
The Office
Song
WWE
Country
Soccer
Puzzle
NFL
hide this ad
More By:
rk559
Quiz
Plays
Rating
Category
Featured
Created
Most HRs by Two Teammates
139,137
4.52
Sports
Apr 18, 2010
MLB Multi-Team 40-HR Seasons
136,331
4.42
Sports
Jul 14, 2010
Ends in 'CLE'
134,688
4.33
Language
Feb 7, 2010
MLB Cy Young and MVP Winning Teammates
129,943
4.64
Sports
Jul 11, 2010
MLB Most 35-HR Seasons for 1 Team
112,484
4.67
Sports
Dec 19, 2010
Go to Creator's Profile
Score Distribution
Quiz Creator Spotlight
rk559
Follow
Send a Message
Quizzes Created
-
Created Quiz Play Count
-
More By This Creator
Popular Quizzes Today
1
Find the US States - No Outlines Minefield
2
Find the Countries of Europe - No Outlines Minefield
3
The Countries of the World
4
Find the US States
5
Risky Map Clicking: Biggest States A-Z
6
US States
7
Popular People in 1961
8
Movies - When Are They Set?
More Sports Quizzes
IndyCar Top 10 In Points 2010-present
Quiz Lab
Trending Quizzes
Risky Map Clicking: Least Populous States A-Z
1-10 Letter G Words
1-10 Letter F Words
Risky Map Clicking: Next State Alphabetically
Adjectives in 80s TV Shows
Recently Updated
Leaping Animals
pecheneg
Reality TV Shows (A-Z)
bhenderson79
Rickey Henderson's Hall of Fame Teammates
pecheneg
Champions League XIs: Arsenal
pecheneg
Quick Pick: Celebrities in WWE's Hall of Fame
aduchscher
A-Z Keypad Blitz II
pecheneg
Multiple Oscar Actors
pecheneg
Mystery Phrase Blitz: Oscar 'Best Actors'
pecheneg
F. Scott Fitzgerald Novels
LTH
Pick 3 Villains
ddd62291
Trending Topics
Kpop
Disney
Harry Potter
Marvel
Anime
NBA
Crossword
Puzzle
Pokémon
The Office
Soccer
Country
Song
NFL
WWE
Your Account Isn't Verified!
In order to create a playlist on Sporcle, you need to verify the email address you used during registration. Go to your
Sporcle Settings
to finish the process.
Report this User
Report this user for behavior that violates our
Community Guidelines
.
Details:
Send Report
Go to the Sporcle.com Mobile Site →
Comments